Frescos del siglo XIII al XVIII

Uloženo v:
Podrobná bibliografie
Korporativní autor: Scala Group (Autor)
Médium: Kniha
Jazyk:španělština
italština
portugalština
angličtina
Vydáno: Florencia Scala Group 2012
Témata:
Tagy: Přidat tag
Žádné tagy, Buďte první, kdo vytvoří štítek k tomuto záznamu!

MARC

LEADER 00000cam a2200000 a 4500
001 UCF9194
003 CL-VaPUC
008 131025e20120000it |||||||||||||||||spa|d
020 |a 9788866371397 
041 0 7 |a spa  |2 CL-VaPUC 
041 0 7 |a ita  |2 CL-VaPUC 
041 0 7 |a por  |2 CL-VaPUC 
041 0 7 |a eng  |2 CL-VaPUC 
082 0 4 |a 750  |b SCA  |2 21 
110 2 |a Scala Group  |e author  |9 571440 
245 1 0 |a Frescos del siglo XIII al XVIII 
246 1 0 |a Affreschi dal XIII al XVIII secolo 
246 1 0 |a Afrescos do século XIII ao século XVIII 
246 1 0 |a Frescos from the 13º to the 18º century 
300 |a 573 p 
942 |c BK 
945 |d 20131025 12:28:00  |a dcastane 
260 |a Florencia  |b Scala Group  |c 2012 
650 7 |a HISTORIA DE LA PINTURA  |2 CL-VaPUC  |9 500518 
650 7 |a PINTURA MEDIEVAL  |2 CL-VaPUC  |9 265292 
650 0 |a Pintura barroca   |9 266157 
650 0 |a Neoclasicismo  |9 268667 
583 |a last modification  |c 20131025 12:28:00  |k Rodrigo Vera 
999 |c 353675  |d 353673 
952 |0 0  |1 0  |3 erd  |4 0  |6 750_000000000000000_SCA_2012  |7 0  |8 A  |9 459027  |a BIBING  |b BIBING  |d 2019-11-23  |i 5018781  |o 750 SCA 2012  |p 5018781  |r 2025-01-20  |w 2019-11-23  |y BK  |z Catalogado en:20131025  |k CUI